[Event "Barcelona op 09"]
[Site "Barcelona"]
[Date "2011.10.07"]
[Round "2"]
[White "Barbero Sendic, Alejandro"]
[Black "Boulan, Laura"]
[Result "0-1"]
[WhiteElo "2269"]
[BlackElo "2007"]
[PlyCount "58"]
[EventDate "2011.09.30"]
[EventType "swiss"]
[EventRounds "6"]
[EventCountry "ESP"]
[SourceTitle "EXT 2013"]
[Source "ChessBase"]
[SourceDate "2012.11.22"]
[SourceVersion "1"]
[SourceVersionDate "2012.11.22"]
[SourceQuality "1"]

1. e4 d6 2. f4 d5 3. e5 c5 4. Nf3 Nc6 5. Be2 Bd7 6. 0-0 Nh6 7. Nc3 e6 8. d3 Be7 9. a3 0-0 10. Kh1 a6 11. Na2 b5 12. Bd2 Qb6 13. Be3 Rad8 14. c3 d4 15. cxd4 cxd4 16. Bg1 Bc8 17. Nc3 Bb7 18. Ne4 Nf5 19. Rc1 Ne3 20. Bxe3 dxe3 21. Qe1 Nd4 22. Nxd4 Qxd4 23. Bf3 Rd7 24. b4 Rfd8 25. Nc5 Bxc5 26. bxc5 Bxf3 27. Rxf3 Qxd3 28. Rc3 Qd4 29. c6 Rc7 0-1

[Event "Llobregat op 3rd"]
[Site "Llobregat"]
[Date "2011.04.16"]
[Round "3"]
[White "Hurtado Insa, Francesco"]
[Black "Boulan, Laura"]
[Result "1-0"]
[WhiteElo "1771"]
[BlackElo "2025"]
[PlyCount "61"]
[EventDate "2011.04.02"]
[EventType "swiss"]
[EventRounds "7"]
[EventCountry "ESP"]
[SourceTitle "CBM 142 Extra"]
[Source "ChessBase"]
[SourceDate "2011.06.27"]
[SourceVersion "1"]
[SourceVersionDate "2011.06.27"]
[SourceQuality "1"]

1. e4 c5 2. c3 Nf6 3. e5 Nd5 4. d4 cxd4 5. Nf3 e6 6. cxd4 d6 7. Bc4 Nb6 8. Bb3 Nc6 9. 0-0 Be7 10. Nc3 0-0 11. Bf4 dxe5 12. dxe5 Nd7 13. a3 Qa5 14. Re1 Nc5 15. Bc2 Qa6 16. Re3 Qc4 17. Bg3 a5 18. Nd2 Qa6 19. Nde4 g6 20. Nxc5 Bxc5 21. Rd3 Ne7 22. Ne4 Bb6 23. Bh4 Nf5 24. Bf6 Qa7 25. Qd2 h5 26. Rf3 Kh7 27. Ng5+ Kg8 28. Bxf5 exf5 29. Ne6 fxe6 30. Qh6 Rxf6 31. exf6 1-0

[Event "Llobregat op 3rd"]
[Site "Llobregat"]
[Date "2011.04.09"]
[Round "2"]
[White "Boulan, Laura"]
[Black "Rius Selva, Joan"]
[Result "1/2-1/2"]
[WhiteElo "2025"]
[BlackElo "1800"]
[PlyCount "129"]
[EventDate "2011.04.02"]
[EventType "swiss"]
[EventRounds "7"]
[EventCountry "ESP"]
[SourceTitle "CBM 142 Extra"]
[Source "ChessBase"]
[SourceDate "2011.06.27"]
[SourceVersion "1"]
[SourceVersionDate "2011.06.27"]
[SourceQuality "1"]

1. Nf3 Nc6 2. e4 e5 3. Bc4 Nf6 4. d3 Be7 5. 0-0 0-0 6. Re1 d6 7. c3 h6 8. Nbd2 Bg4 9. h3 Bh5 10. Nf1 Nh7 11. Ng3 Bg6 12. Nh2 Bh4 13. Qg4 Kh8 14. Nh5 Bxh5 15. Qxh5 Bg5 16. Bxg5 Qxg5 17. Qd1 f5 18. Nf3 Qf6 19. Qe2 fxe4 20. Qxe4 Ng5 21. Nxg5 Qxg5 22. Qg4 Qxg4 23. hxg4 Ne7 24. a4 a5 25. g3 Ng6 26. b4 b6 27. Bd5 Rab8 28. Rab1 Ne7 29. Bg2 Rfd8 30. Re2 c5 31. bxc5 bxc5 32. Reb2 Rxb2 33. Rxb2 c4 34. dxc4 Rc8 35. Rb7 Ng8 36. Ra7 Nf6 37. Rxa5 Rxc4 38. Ra6 d5 39. g5 hxg5 40. Ra5 e4 41. Kf1 Rxc3 42. Ke1 d4 43. Rxg5 Rc2 44. Bh3 d3 45. Rb5 Re2+ 46. Kf1 Ra2 47. Bf5 Ra1+ 48. Kg2 d2 49. Rb8+ Ng8 50. Bg4 d1Q 51. Bxd1 Rxd1 52. g4 Rd4 53. a5 Ra4 54. Ra8 Kh7 55. Kg3 Nf6 56. g5 Nd5 57. Ra6 Ra3+ 58. Kg4 Rf3 59. Re6 Rxf2 60. Rxe4 Rd2 61. Kh5 Rh2+ 62. Kg4 Kg6 63. Re6+ Kf7 64. Ra6 Ra2 65. g6+ 1/2-1/2

[Event "Groningen Atlantis-B"]
[Site "Groningen"]
[Date "2010.08.22"]
[Round "7"]
[White "Boulan, Laura"]
[Black "Slagter, Ruben"]
[Result "0-1"]
[WhiteElo "2022"]
[BlackElo "2069"]
[PlyCount "100"]
[EventDate "2010.08.16"]
[EventType "tourn"]
[EventRounds "9"]
[EventCountry "NED"]
[SourceTitle "CBM 138 Extra"]
[Source "ChessBase"]
[SourceDate "2010.10.29"]
[SourceVersion "1"]
[SourceVersionDate "2010.10.29"]
[SourceQuality "1"]

1. Nf3 d5 2. c4 c6 3. g3 Nf6 4. Bg2 g6 5. b3 Bg7 6. Bb2 0-0 7. 0-0 Bf5 8. d3 Qc8 9. Nbd2 Bh3 10. e4 Bxg2 11. Kxg2 dxc4 12. dxc4 Rd8 13. Qe2 Na6 14. e5 Ne8 15. Ne4 Nec7 16. Rad1 Ne6 17. Ba3 Qc7 18. h4 c5 19. Bb2 Nb4 20. Neg5 Nxg5 21. Nxg5 h6 22. Nf3 e6 23. h5 g5 24. Nh2 Rxd1 25. Rxd1 Rd8 26. Ng4 Rxd1 27. Qxd1 Nc6 28. Qd3 Nxe5 29. Bxe5 Bxe5 30. Nxh6+ Kg7 31. Ng4 Bd4 32. h6+ Kh8 33. Qd2 f5 34. Ne3 Qc6+ 35. Kg1 Qf3 36. b4 f4 37. bxc5 e5 38. gxf4 gxf4 39. Nc2 Qg3+ 40. Kf1 Qh3+ 41. Kg1 Qg4+ 42. Kf1 Qh3+ 43. Kg1 Qg4+ 44. Kf1 f3 45. Ne3 Qh3+ 46. Ke1 Qxh6 47. a4 Bxe3 48. Qxe3 Qxe3+ 49. fxe3 e4 50. a5 a6 0-1

[Event "Groningen Atlantis-B"]
[Site "Groningen"]
[Date "2010.08.21"]
[Round "6"]
[White "Knol, Geon"]
[Black "Boulan, Laura"]
[Result "0-1"]
[WhiteElo "2062"]
[BlackElo "2022"]
[PlyCount "78"]
[EventDate "2010.08.16"]
[EventType "tourn"]
[EventRounds "9"]
[EventCountry "NED"]
[SourceTitle "CBM 138 Extra"]
[Source "ChessBase"]
[SourceDate "2010.10.29"]
[SourceVersion "1"]
[SourceVersionDate "2010.10.29"]
[SourceQuality "1"]

1. g3 d6 2. Bg2 e5 3. c3 f5 4. d4 Be7 5. dxe5 dxe5 6. Qb3 Nd7 7. Nf3 Nc5 8. Qc2 e4 9. Nd4 Nf6 10. 0-0 0-0 11. Rd1 Qe8 12. Bf4 Nd5 13. Nb5 Nxf4 14. Nxc7 Qc6 15. Nxa8 Nxg2 16. b4 e3 17. f3 Nf4 18. gxf4 Ne6 19. Qb3 Kh8 20. b5 Qe8 21. Qc4 Qg6+ 22. Kh1 Qh6 23. Nc7 Nxf4 24. Nd5 Bd6 25. Nxe3 Nd3 26. h4 Nf2+ 27. Kg2 Nxd1 28. Nxd1 Be7 29. Nf2 Bxh4 30. Na3 Qg5+ 31. Kf1 f4 32. Qd4 Rd8 33. Qxa7 Qg3 34. e4 Qxf3 35. Nc4 Bh3+ 36. Ke1 Qxc3+ 37. Ke2 Qxc4+ 38. Kf3 Qc3+ 39. Qe3 Qxe3# 0-1

[Event "Groningen Atlantis-B"]
[Site "Groningen"]
[Date "2010.08.19"]
[Round "4"]
[White "Boulan, Laura"]
[Black "Ten Vergert, Paul"]
[Result "0-1"]
[WhiteElo "2022"]
[BlackElo "2117"]
[PlyCount "72"]
[EventDate "2010.08.16"]
[EventType "tourn"]
[EventRounds "9"]
[EventCountry "NED"]
[SourceTitle "CBM 138 Extra"]
[Source "ChessBase"]
[SourceDate "2010.10.29"]
[SourceVersion "1"]
[SourceVersionDate "2010.10.29"]
[SourceQuality "1"]

1. Nf3 Nf6 2. c4 g6 3. b4 Bg7 4. Bb2 0-0 5. g3 d6 6. Bg2 e5 7. d3 Nh5 8. Qb3 Be6 9. 0-0 c6 10. Nc3 f5 11. b5 Nd7 12. Nd2 Qc7 13. a4 Nc5 14. Qc2 f4 15. a5 fxg3 16. hxg3 a6 17. Ba3 axb5 18. Nce4 bxc4 19. Nxc5 dxc5 20. Nxc4 e4 21. Bxc5 Bxa1 22. Bxf8 Rxf8 23. Rxa1 Rxf2 24. Kxf2 Qxg3+ 25. Kg1 Nf4 26. e3 exd3 27. Qd2 Ne2+ 28. Kf1 Bxc4 29. Ra4 Qh2 30. Kf2 Bd5 31. e4 Qg3+ 32. Kf1 Be6 33. Ra3 Bh3 34. Qxd3 Qxg2+ 35. Ke1 Qf1+ 36. Kd2 Qc1+ 0-1

[Event "Groningen Atlantis-B"]
[Site "Groningen"]
[Date "2010.08.17"]
[Round "2"]
[White "Boulan, Laura"]
[Black "Sparenberg, Erik"]
[Result "1/2-1/2"]
[WhiteElo "2022"]
[BlackElo "2090"]
[PlyCount "159"]
[EventDate "2010.08.16"]
[EventType "tourn"]
[EventRounds "9"]
[EventCountry "NED"]
[SourceTitle "CBM 138 Extra"]
[Source "ChessBase"]
[SourceDate "2010.10.29"]
[SourceVersion "1"]
[SourceVersionDate "2010.10.29"]
[SourceQuality "1"]

1. Nf3 g6 2. e4 d6 3. d4 Bg7 4. c3 Nf6 5. Bd3 0-0 6. 0-0 Nbd7 7. Nbd2 e5 8. a4 Re8 9. a5 c6 10. Nc4 Qc7 11. Re1 Rb8 12. b4 Nf8 13. dxe5 dxe5 14. h3 b5 15. axb6 axb6 16. Be3 N6d7 17. Bf1 Ne6 18. Qc2 Bf8 19. Red1 c5 20. b5 Rd8 21. Rd2 Bb7 22. Ng5 Nxg5 23. Bxg5 f6 24. Be3 Be7 25. Rad1 Nf8 26. Rxd8 Rxd8 27. Rxd8 Qxd8 28. Qa2 Kg7 29. Qa7 Bxe4 30. Nxb6 Kh8 31. c4 Bd6 32. Nd5 Bxd5 33. cxd5 Nd7 34. Qa6 Qc7 35. Bd2 Nb8 36. Qa8 c4 37. Ba5 Qc8 38. Bc3 Kg7 39. Qa7+ Nd7 40. b6 Bb8 41. Qa5 Qb7 42. Bxc4 Qxb6 43. Qxb6 Nxb6 44. Bb3 Bd6 45. Kf1 Kf7 46. Ke2 Ke7 47. Kf3 Bc5 48. g4 Kd6 49. Ke4 Nd7 50. f3 f5+ 51. gxf5 Nf6+ 52. Kd3 gxf5 53. Bd2 Nxd5 54. h4 Bf2 55. Bg5 Bg3 56. Ke2 Bf4 57. Bd8 e4 58. fxe4 fxe4 59. Ba5 Ke5 60. Be1 Ne7 61. Bc3+ Kf5 62. Bc2 h5 63. Be1 Be3 64. Ba4 Nd5 65. Bd7+ Kf4 66. Bc6 Nf6 67. Bb7 Bc5 68. Ba5 Ne8 69. Bc6 Ng7 70. Bc7+ Kf5 71. Bd7+ Kf6 72. Ba5 Ne6 73. Bd2 Nd4+ 74. Kf1 Nf3 75. Bc3+ Bd4 76. Ba5 Bc5 77. Bc3+ Ke7 78. Bc6 Nxh4 79. Bxe4 Ke6 80. Ke2 1/2-1/2

[Event "La Roda op 37th"]
[Site "La Roda"]
[Date "2010.03.31"]
[Round "1"]
[White "Boulan, Laura"]
[Black "Cori Tello, Deysi Estella"]
[Result "0-1"]
[WhiteElo "1977"]
[BlackElo "2434"]
[PlyCount "94"]
[EventDate "2010.03.31"]
[EventType "swiss"]
[EventRounds "9"]
[EventCountry "ESP"]
[SourceTitle "CBM 135 Extra"]
[Source "ChessBase"]
[SourceDate "2010.05.04"]
[SourceVersion "1"]
[SourceVersionDate "2010.05.04"]
[SourceQuality "1"]

1. Nf3 Nf6 2. c4 e6 3. g3 d5 4. Bg2 Bd6 5. 0-0 0-0 6. b3 Qe7 7. Bb2 Rd8 8. d3 dxc4 9. bxc4 e5 10. Nc3 c6 11. Rb1 Na6 12. Nd2 Bc7 13. Ba1 Rb8 14. Qa4 Bf5 15. Nde4 Nxe4 16. Nxe4 f6 17. Bb2 Bxe4 18. Bxe4 Nc5 19. Ba3 Bd6 20. Bxc5 Bxc5 21. Qc2 g6 22. Rb3 Rd6 23. Bg2 Rbd8 24. Rfb1 b6 25. a4 f5 26. e3 a5 27. Rd1 Qg5 28. Qe2 Qf6 29. Kh1 Rf8 30. Qb2 Rfd8 31. Qe2 Kg7 32. Qb2 h5 33. h4 Re6 34. Bh3 Red6 35. Kh2 Kf7 36. Rd2 Re8 37. Kg2 Qd8 38. Qc2 f4 39. gxf4 Qxh4 40. fxe5 Rxe5 41. d4 Rg5+ 42. Kh2 Bb4 43. Re2 Kg7 44. Qb2 Kh7 45. e4 Qf4+ 46. Kh1 Rxd4 47. Qc2 Bd6 0-1

[Event "Barcelona Edami op 8th"]
[Site "Barcelona"]
[Date "2010.03.23"]
[Round "8.7"]
[White "Ponsetti Pascual, Juan Ignacio"]
[Black "Boulan, Laura"]
[Result "1/2-1/2"]
[WhiteElo "2058"]
[BlackElo "1984"]
[PlyCount "51"]
[EventDate "2010.02.02"]
[EventType "swiss"]
[EventRounds "8"]
[EventCountry "ESP"]
[SourceTitle "EXT 2024"]
[Source "ChessBase"]
[SourceDate "2023.10.10"]
[SourceVersion "1"]
[SourceVersionDate "2023.10.10"]
[SourceQuality "1"]

1. d4 d6 2. Nf3 f5 3. Nc3 Nf6 4. Bg5 Nbd7 5. e3 g6 6. Bc4 Bg7 7. h4 h6 8. Bf4 c6 9. Be6 Nh5 10. Bh2 Ndf6 11. Bxc8 Rxc8 12. Qd3 Ng4 13. e4 e6 14. exf5 exf5 15. 0-0-0 0-0 16. Rd2 Kh7 17. Kb1 Re8 18. Nd1 Qf6 19. Ne3 Nxh2 20. Rxh2 Nf4 21. Qb3 Ne6 22. Rh1 f4 23. Nc4 Rcd8 24. h5 g5 25. Qd3+ Kg8 26. c3 1/2-1/2

[Event "Barcelona Edami op 8th"]
[Site "Barcelona"]
[Date "2010.03.09"]
[Round "6.6"]
[White "Sanchez Ibern, Eric"]
[Black "Boulan, Laura"]
[Result "1/2-1/2"]
[WhiteElo "2085"]
[BlackElo "1984"]
[PlyCount "76"]
[EventDate "2010.02.02"]
[EventType "swiss"]
[EventRounds "8"]
[EventCountry "ESP"]
[SourceTitle "EXT 2024"]
[Source "ChessBase"]
[SourceDate "2023.10.10"]
[SourceVersion "1"]
[SourceVersionDate "2023.10.10"]
[SourceQuality "1"]

1. e4 d6 2. d4 e5 3. Nf3 exd4 4. Nxd4 Nf6 5. Nc3 Be7 6. Bf4 0-0 7. Qd2 c6 8. 0-0-0 b5 9. f3 b4 10. Na4 c5 11. Nb5 Qa5 12. b3 Bd7 13. Bxd6 Bxd6 14. Nxd6 Bxa4 15. bxa4 Nc6 16. Bc4 Nd4 17. e5 Nd7 18. Qf4 Qxa4 19. Rxd4 cxd4 20. Nxf7 d3 21. Bb3 Qa3+ 22. Kd2 dxc2 23. Qe4 Nc5 24. Ng5+ Nxb3+ 25. axb3 Rad8+ 26. Ke2 Qa6+ 27. Ke3 Qb6+ 28. Ke2 Qb5+ 29. Ke3 Qc5+ 30. Ke2 g6 31. Rc1 Qc3 32. Rxc2 Qxb3 33. Nxh7 Kxh7 34. Rc7+ Rf7 35. Qh4+ Kg7 36. Qf6+ Kh6 37. Qh4+ Kg7 38. Qf6+ Kh6 1/2-1/2

[Event "Barcelona Edami op 8th"]
[Site "Barcelona"]
[Date "2010.03.02"]
[Round "5.8"]
[White "Boulan, Laura"]
[Black "Herms Agullo, Jordi"]
[Result "1-0"]
[WhiteElo "1984"]
[BlackElo "2121"]
[PlyCount "85"]
[EventDate "2010.02.02"]
[EventType "swiss"]
[EventRounds "8"]
[EventCountry "ESP"]
[SourceTitle "EXT 2024"]
[Source "ChessBase"]
[SourceDate "2023.10.10"]
[SourceVersion "1"]
[SourceVersionDate "2023.10.10"]
[SourceQuality "1"]

1. Nf3 Nf6 2. g3 g6 3. Bg2 Bg7 4. d4 0-0 5. b4 Ne4 6. Bb2 c5 7. Ne5 cxd4 8. Bxe4 Bxe5 9. Bxd4 Bxd4 10. Qxd4 Nc6 11. Qb2 Qb6 12. a3 f5 13. Bg2 f4 14. 0-0 fxg3 15. hxg3 Nd4 16. c3 Nf5 17. c4 a5 18. c5 Qf6 19. Qxf6 Rxf6 20. Nc3 Nd4 21. Rfd1 axb4 22. axb4 Rxa1 23. Rxa1 Ra6 24. Rxa6 bxa6 25. Nd5 Nc6 26. Nb6 Na7 27. Nxc8 Nxc8 28. Bb7 Na7 29. Bxa6 Kf7 30. e4 Nc6 31. b5 Nb8 32. f4 Ke6 33. Bc8 Kf7 34. Kf2 Ke8 35. Ke3 Kd8 36. Bb7 e6 37. Kd4 Kc7 38. Ba8 Kd8 39. Ke5 Ke7 40. Bb7 Kd8 41. Kd6 h6 42. e5 h5 43. c6 1-0

[Event "Syre Memorial op 32nd"]
[Site "Issy les Moulineaux"]
[Date "2009.05.22"]
[Round "3"]
[White "Boulan, Laura"]
[Black "Kassis, Antoine1111"]
[Result "0-1"]
[WhiteElo "1955"]
[BlackElo "2172"]
[PlyCount "86"]
[EventDate "2009.05.21"]
[EventType "swiss"]
[EventRounds "6"]
[EventCountry "FRA"]
[SourceTitle "EXT 2010"]
[Source "ChessBase"]
[SourceDate "2010.11.25"]
[SourceVersion "1"]
[SourceVersionDate "2010.11.25"]
[SourceQuality "1"]

1. Nf3 Nf6 2. g3 b5 3. Bg2 d5 4. d3 e6 5. 0-0 Be7 6. c3 0-0 7. a4 b4 8. Re1 c5 9. Qc2 Ba6 10. cxb4 cxb4 11. Be3 Qa5 12. Nbd2 Rc8 13. Qb1 Nbd7 14. Nb3 Qd8 15. Rc1 Ng4 16. Rxc8 Qxc8 17. Bd2 Nc5 18. Qd1 Nxb3 19. Qxb3 Qc5 20. e3 Qb6 21. h3 Nf6 22. Nd4 Rc8 23. a5 Qb7 24. Ra4 Rb8 25. Qc2 Rc8 26. Qb3 Rb8 27. Qc2 Bf8 28. Bf1 e5 29. Nb3 Rc8 30. Qd1 Bb5 31. Ra1 Bd6 32. Qb1 h5 33. Be2 Qa6 34. Nc1 h4 35. g4 e4 36. Kf1 b3 37. Nxb3 exd3 38. Bf3 Rc2 39. Bd1 Ne4 40. Ke1 Nxd2 41. Nxd2 Rxd2 42. Kxd2 Bb4+ 43. Kc1 d2+ 0-1

[Event "Syre Memorial op 32nd"]
[Site "Issy les Moulineaux"]
[Date "2009.05.21"]
[Round "1"]
[White "Boulan, Laura"]
[Black "Veron, Cyprien"]
[Result "0-1"]
[WhiteElo "1955"]
[BlackElo "2139"]
[PlyCount "58"]
[EventDate "2009.05.21"]
[EventType "swiss"]
[EventRounds "6"]
[EventCountry "FRA"]
[SourceTitle "EXT 2010"]
[Source "ChessBase"]
[SourceDate "2010.11.25"]
[SourceVersion "1"]
[SourceVersionDate "2010.11.25"]
[SourceQuality "1"]

1. Nf3 Nf6 2. g3 g6 3. b4 Bg7 4. Bb2 0-0 5. Bg2 d6 6. c4 e5 7. 0-0 Nbd7 8. d3 Nh5 9. Nbd2 e4 10. Bxg7 exf3 11. Bxf8 fxg2 12. Kxg2 Kxf8 13. Qb3 Ne5 14. Qc3 Qd7 15. Rae1 Qh3+ 16. Kg1 Nf6 17. f3 h5 18. c5 g5 19. cxd6 cxd6 20. Qc7 Ne8 21. Qd8 f6 22. Qa5 Nc6 23. Qa3 Qe6 24. Nc4 b5 25. Nb2 Nd4 26. Qa5 Qe3+ 27. Kh1 Bh3 28. Nd1 Qd2 29. Rg1 Nxe2 0-1

[Event "Copenhagen Challenge"]
[Site "Ballerup"]
[Date "2009.05.08"]
[Round "4"]
[White "Hove, Esben Kjems"]
[Black "Boulan, Laura"]
[Result "1/2-1/2"]
[WhiteElo "2294"]
[BlackElo "1955"]
[PlyCount "119"]
[EventDate "2009.05.06"]
[EventType "swiss"]
[EventRounds "9"]
[EventCountry "DEN"]
[SourceTitle "CBM 130 Extra"]
[Source "ChessBase"]
[SourceDate "2009.07.02"]
[SourceVersion "2"]
[SourceVersionDate "2009.07.15"]
[SourceQuality "1"]

1. d4 d6 2. c4 e5 3. e3 c6 4. Nc3 Nf6 5. Bd3 Be7 6. Nge2 0-0 7. 0-0 Re8 8. Ng3 Bf8 9. Qc2 Nbd7 10. b3 g6 11. Bb2 Bg7 12. dxe5 Nxe5 13. Be2 h5 14. h3 h4 15. Nh1 Be6 16. f4 Ned7 17. e4 Qb6+ 18. Nf2 Nc5 19. Bf3 Rad8 20. Rad1 a5 21. Kh1 a4 22. Nxa4 Nxa4 23. bxa4 Qb4 24. e5 dxe5 25. fxe5 Nd7 26. Be2 Nxe5 27. Qb3 Qxb3 28. axb3 Bf5 29. Rxd8 Rxd8 30. Rd1 Rxd1+ 31. Bxd1 Nd3 32. Nxd3 Bxd3 33. Bxg7 Kxg7 34. Kg1 Kf6 35. Kf2 Ke5 36. Ke3 Be4 37. Bf3 Bc2 38. b4 Bxa4 39. Kd3 f5 40. Be2 g5 41. Bf3 Kf4 42. b5 g4 43. Bxc6 b6 44. Bd7 gxh3 45. gxh3 Ke5 46. Kc3 Bd1 47. Bc6 f4 48. Kd3 Bh5 49. Bd5 Bg6+ 50. Kc3 Bf5 51. Bg2 f3 52. Bxf3 Bxh3 53. c5 bxc5 54. b6 Kd6 55. b7 Kc7 56. Kc4 Bf1+ 57. Kxc5 h3 58. Kd4 Bg2 59. Ke3 Bxf3 60. Kxf3 1/2-1/2

[Event "Copenhagen Challenge"]
[Site "Ballerup"]
[Date "2009.05.06"]
[Round "1"]
[White "Boulan, Laura"]
[Black "Picard, Romain"]
[Result "0-1"]
[WhiteElo "1955"]
[BlackElo "2339"]
[PlyCount "82"]
[EventDate "2009.05.06"]
[EventType "swiss"]
[EventRounds "9"]
[EventCountry "DEN"]
[SourceTitle "CBM 130 Extra"]
[Source "ChessBase"]
[SourceDate "2009.07.02"]
[SourceVersion "2"]
[SourceVersionDate "2009.07.15"]
[SourceQuality "1"]

1. e4 Nc6 2. d4 d5 3. e5 Bf5 4. Nf3 f6 5. Bf4 fxe5 6. dxe5 e6 7. Nbd2 Bc5 8. Nb3 Bb6 9. Bb5 Nge7 10. 0-0 0-0 11. Bg3 Bg4 12. Be2 Ng6 13. Re1 Qe7 14. c3 Nf4 15. Nbd4 Nxd4 16. Nxd4 Nxe2+ 17. Nxe2 Rf5 18. Qd2 Bxe2 19. Rxe2 Raf8 20. Kh1 g5 21. f3 g4 22. f4 Qg7 23. Rf1 Rh5 24. Be1 Rxe5 25. Bg3 Rxe2 26. Qxe2 Qg6 27. Re1 Re8 28. Qe5 Kf7 29. Rf1 Qf5 30. Qe2 h5 31. Qe5 Qxe5 32. fxe5+ Kg8 33. Bh4 Rf8 34. Bf6 Kh7 35. g3 Kg6 36. Kg2 Be3 37. Rd1 Bg5 38. c4 Bxf6 39. exf6 c6 40. cxd5 exd5 41. Re1 Kxf6 0-1

[Event "FRA-chT1B 0809"]
[Site "France"]
[Date "2009.03.14"]
[Round "8.8"]
[White "Boulan, Laura"]
[Black "Nadin, Stephanie"]
[Result "1-0"]
[WhiteElo "1999"]
[BlackElo "1760"]
[PlyCount "97"]
[EventDate "2008.10.19"]
[EventType "team-tourn"]
[EventRounds "11"]
[EventCountry "FRA"]
[SourceTitle "EXT 2010"]
[Source "ChessBase"]
[SourceDate "2010.11.25"]
[SourceVersion "1"]
[SourceVersionDate "2010.11.25"]
[SourceQuality "1"]
[WhiteTeam "Migne Auxances"]
[BlackTeam "Sautron"]
[WhiteTeamCountry "FRA"]
[BlackTeamCountry "FRA"]

1. e4 Nf6 2. e5 Nd5 3. d4 d6 4. c4 Nb6 5. exd6 cxd6 6. Nc3 Nc6 7. h3 g6 8. Nf3 Bg7 9. Be2 0-0 10. 0-0 Re8 11. Re1 Bf5 12. Bg5 h6 13. Be3 Na5 14. b3 Nc6 15. Rc1 a5 16. Qd2 Kh7 17. d5 Nb4 18. Nd4 Bd7 19. h4 e6 20. dxe6 Bxe6 21. h5 Bc8 22. Ndb5 Be5 23. f4 Bg7 24. Bf3 d5 25. a3 d4 26. Bxd4 Rxe1+ 27. Rxe1 Nc2 28. Qxc2 Bxd4+ 29. Nxd4 Qxd4+ 30. Kf1 Bf5 31. hxg6+ Bxg6 32. Be4 Rg8 33. Nb5 Qf6 34. Qf2 a4 35. c5 Nc8 36. b4 Bxe4 37. Rxe4 Qc6 38. Nc3 Rd8 39. Qc2 Qg6 40. Re2 f5 41. Re5 Rf8 42. Qxa4 Qh5 43. Kg1 Qg4 44. Qd7+ Kg6 45. Re6+ Kh5 46. Nd5 Qd1+ 47. Kh2 Qg4 48. Qh7 Qh4+ 49. Kg1 1-0

[Event "Breizh Masters (Women)"]
[Site "Guingamp"]
[Date "2009.02.21"]
[Round "9"]
[White "Peyre, Camille"]
[Black "Boulan, Laura"]
[Result "1/2-1/2"]
[WhiteElo "1902"]
[BlackElo "1988"]
[PlyCount "64"]
[EventDate "2009.02.13"]
[EventType "tourn"]
[EventRounds "9"]
[EventCountry "FRA"]
[SourceTitle "CBM 128 Extra"]
[Source "ChessBase"]
[SourceDate "2009.03.05"]
[SourceVersion "2"]
[SourceVersionDate "2009.03.25"]
[SourceQuality "1"]

1. e4 d6 2. Nf3 e5 3. d4 exd4 4. Nxd4 Nf6 5. Nc3 Be7 6. Be2 0-0 7. 0-0 Re8 8. f4 Bf8 9. Bf3 a5 10. a4 Na6 11. Re1 Nc5 12. b3 g6 13. Ba3 Nfd7 14. Qd2 c6 15. Rad1 Qb6 16. Kh1 Nf6 17. h3 Bg7 18. Re2 Rd8 19. Rde1 Ne6 20. Nxe6 Bxe6 21. Bxd6 Ne8 22. e5 Nxd6 23. exd6 Bxc3 24. Qxc3 Rxd6 25. Rd2 Rxd2 26. Qxd2 Rd8 27. Qe2 Qb4 28. Qe5 Rd2 29. Be4 Rd8 30. Bd3 Rd5 31. Qe3 Rd4 32. Bf1 Rd5 1/2-1/2

[Event "Breizh Masters (Women)"]
[Site "Guingamp"]
[Date "2009.02.20"]
[Round "8"]
[White "Boulan, Laura"]
[Black "Sandu, Mihaela"]
[Result "0-1"]
[WhiteElo "1988"]
[BlackElo "2285"]
[PlyCount "64"]
[EventDate "2009.02.13"]
[EventType "tourn"]
[EventRounds "9"]
[EventCountry "FRA"]
[SourceTitle "CBM 128 Extra"]
[Source "ChessBase"]
[SourceDate "2009.03.05"]
[SourceVersion "2"]
[SourceVersionDate "2009.03.25"]
[SourceQuality "1"]

1. e4 c5 2. d3 Nc6 3. f4 d5 4. Be2 e6 5. Nf3 Nf6 6. e5 Nd7 7. c3 Be7 8. Na3 0-0 9. Nc2 f6 10. d4 cxd4 11. cxd4 b5 12. 0-0 Qb6 13. Kh1 b4 14. f5 fxe5 15. fxe6 Nf6 16. dxe5 Ng4 17. Qxd5 Ncxe5 18. Ncd4 Bb7 19. Qb5 Qc7 20. Nxe5 a6 21. Qc4 Rxf1+ 22. Bxf1 Qxe5 23. Nf3 Bxf3 24. Bf4 Nf2+ 25. Kg1 Nh3+ 26. Kh1 Qxf4 27. Qxf4 Nxf4 28. gxf3 g5 29. Bc4 Kg7 30. Re1 Kf6 31. Re4 a5 32. h4 h6 0-1

[Event "Breizh Masters (Women)"]
[Site "Guingamp"]
[Date "2009.02.16"]
[Round "4"]
[White "Le Bail, Clara"]
[Black "Boulan, Laura"]
[Result "1-0"]
[WhiteElo "2040"]
[BlackElo "1988"]
[PlyCount "127"]
[EventDate "2009.02.13"]
[EventType "tourn"]
[EventRounds "9"]
[EventCountry "FRA"]
[SourceTitle "CBM 128 Extra"]
[Source "ChessBase"]
[SourceDate "2009.03.05"]
[SourceVersion "2"]
[SourceVersionDate "2009.03.25"]
[SourceQuality "1"]

1. e4 d6 2. d4 e5 3. Nf3 exd4 4. Nxd4 Nf6 5. Nc3 Be7 6. Be2 0-0 7. 0-0 Re8 8. f4 Bf8 9. Bf3 a5 10. a4 Na6 11. Re1 Nc5 12. Kh1 c6 13. Nb3 Nxb3 14. cxb3 Qc7 15. Be3 Nd7 16. Qc2 Nc5 17. Bxc5 dxc5 18. e5 Qb6 19. f5 Qb4 20. g3 Qd4 21. Rad1 Rxe5 22. Be4 Qb4 23. Rd8 Qb6 24. Qd2 Qc7 25. f6 Rh5 26. g4 Rh6 27. fxg7 Kxg7 28. Rxf8 Qxh2+ 29. Qxh2 Rxh2+ 30. Kxh2 Kxf8 31. Bxh7 Be6 32. Ne4 b6 33. Re3 Kg7 34. Bf5 Bd5 35. Kg3 Rh8 36. Nf2 Kf6 37. Nh3 Kg7 38. Kf4 Bg2 39. Ng5 Rh1 40. Kg3 Bd5 41. Be4 Rg1+ 42. Kf4 Kf6 43. Nf3 Rf1 44. Bd3 Rd1 45. Bc2 Rc1 46. Ne1 Ra1 47. g5+ Kg7 48. Ke5 c4 49. bxc4 Bxc4 50. Kd6 Bd5 51. Kc7 b5 52. Kb6 bxa4 53. Kxa5 Bc4 54. Bxa4 Bb5 55. b3 Kg6 56. Re5 f6 57. gxf6 Kxf6 58. Re3 Ra2 59. Kb4 Bxa4 60. bxa4 c5+ 61. Kb3 Ra1 62. Nc2 c4+ 63. Kb4 Ra2 64. Rc3 1-0

[Event "Breizh Masters (Women)"]
[Site "Guingamp"]
[Date "2009.02.15"]
[Round "3"]
[White "Boulan, Laura"]
[Black "Fomichenko, Svetlana"]
[Result "0-1"]
[WhiteElo "1988"]
[BlackElo "2271"]
[PlyCount "88"]
[EventDate "2009.02.13"]
[EventType "tourn"]
[EventRounds "9"]
[EventCountry "FRA"]
[SourceTitle "CBM 128 Extra"]
[Source "ChessBase"]
[SourceDate "2009.03.05"]
[SourceVersion "2"]
[SourceVersionDate "2009.03.25"]
[SourceQuality "1"]

1. e4 c5 2. c3 b6 3. d4 Bb7 4. f3 e6 5. Be3 Nf6 6. Bd3 Nc6 7. a3 Qc7 8. Ne2 Ba6 9. Bc2 Na5 10. Nd2 cxd4 11. Bxd4 Be7 12. 0-0 Nc6 13. Re1 Nxd4 14. cxd4 0-0 15. Kh1 d6 16. Qb1 g6 17. Bd3 Qb7 18. b4 Bxd3 19. Qxd3 d5 20. e5 Nd7 21. b5 a6 22. a4 a5 23. Rac1 Rac8 24. Nf1 Bb4 25. Red1 Rfe8 26. Ne3 f6 27. f4 fxe5 28. fxe5 Rf8 29. Kg1 Be7 30. Re1 Bg5 31. Red1 Nb8 32. Qa3 Qf7 33. Rxc8 Qf2+ 34. Kh1 Rxc8 35. Qd6 Re8 36. Ng3 Qxe3 37. Rf1 Qxd4 38. Qc7 Be7 39. Rc1 Bc5 40. Rf1 Rf8 41. Rxf8+ Kxf8 42. Qd8+ Kg7 43. Qf6+ Kh6 44. Qf1 Nd7 0-1